Temas de gramática. Nivel superior.
Gardado en:
| Autor Principal: | |
|---|---|
| Formato: | Unknown |
| Publicado: |
Madrid, España:
SGEL,
2008.
|
| Edición: | Decimoquinta edición |
| Subjects: | |
| Tags: |
Engadir etiqueta
Sen Etiquetas, Sexa o primeiro en etiquetar este rexistro!
|
MARC
| LEADER | 00000 a2200000 4500 | ||
|---|---|---|---|
| 003 | CL-VaPUC | ||
| 005 | 20240807103552.0 | ||
| 008 | 240715t2022 ||||| |||| 00| 0 eng d | ||
| 999 | |c 443895 |d 443893 | ||
| 020 | |a 978-84-9778-429-0 | ||
| 040 | |c Pontificia Universidad Católica de Valparaíso | ||
| 082 | 7 | |2 22 |a 465 MOR 2022 | |
| 100 | |a Moreno García, Concha |e autora |9 889364 | ||
| 245 | |a Temas de gramática. |b Nivel superior. | ||
| 250 | |a Decimoquinta edición | ||
| 260 | |a Madrid, España: |b SGEL, |c 2008. | ||
| 300 | |a 266 páginas | ||
| 583 | |k GC |c 20240715 | ||
| 650 | 0 | |9 872413 |a Lengua española |v Ejercicios y problemas |x Gramática |x Ortografía |x Verbo | |
| 650 | 0 | |9 890126 |a Spanish language |v Exercises and Problems |x Grammar |x Orthography |x Verb | |
| 942 | |2 ddc |c BK | ||
| 952 | |0 0 |1 0 |2 ddc |4 0 |6 465_000000000000000_MOR_2022 |7 0 |8 A |9 595575 |a BIBGIM |b BIBGIM |d 2024-07-12 |e 13 |g 30976.00 |i 5662215 |o 465 MOR 2022 |p 5662215 |r 2025-01-15 |t 1 |v 30976.00 |w 2024-07-12 |y BK |k ELE | ||